000 00370nam a22001457a 4500
008 230612b ||||| |||| 00| 0 eng d
020 _a9781449645755
041 _aeng
080 _2FOURTH EDITION
_a618
082 _a618THA
100 _a15
101 _aGJK
245 _aCLINICAL PRACTICE GUIDELINES FOR MIDWIFERY & WOMEN'S HEALTH
_cTHARPE .L .N
942 _2udc
_cBK
999 _c59926
_d59926